The Renaissance and The Reformation : (Record no. 5155)
[ view plain ]
| 000 -LEADER | |
|---|---|
| fixed length control field | 00535cam a2200169ua 4500 |
| 008 - FIXED-LENGTH DATA ELEMENTS--GENERAL INFORMATION | |
| fixed length control field | 131030n xxk |||gr||||Z||||||eng |
| 040 ## - CATALOGING SOURCE | |
| Transcribing agency | MAIN |
| 082 ## - DEWEY DECIMAL CLASSIFICATION NUMBER | |
| Classification number | 940 |
| 100 ## - MAIN ENTRY--PERSONAL NAME | |
| Personal name | Tanner,Emmeline M, |
| Relator term | |
| 245 ## - TITLE STATEMENT | |
| Title | The Renaissance and The Reformation : |
| Remainder of title | A Textbook of European History 1490-1610 / |
| Statement of responsibility, etc. | by Emmeline M. Tanner . |
| 260 ## - PUBLICATION, DISTRIBUTION, ETC. | |
| Place of publication, distribution, etc. | Britain: |
| Name of publisher, distributor, etc. | Oxford , |
| Date of publication, distribution, etc. | 1959. |
| 942 ## - ADDED ENTRY ELEMENTS (KOHA) | |
| Koha item type | Books |
| 653 ## - INDEX TERM--UNCONTROLLED | |
| Uncontrolled term | History of Europe |
| 653 ## - INDEX TERM--UNCONTROLLED | |
| Uncontrolled term | Renaissance and The Reformation |
| 653 ## - INDEX TERM--UNCONTROLLED | |
| Uncontrolled term | A Textbook of European History 1490-1610 |
| Withdrawn status | Lost status | Damaged status | Not for loan | Home library | Current library | Shelving location | Date acquired | Total Checkouts | Full call number | Barcode | Date last seen | Copy number | Price effective from | Koha item type |
|---|---|---|---|---|---|---|---|---|---|---|---|---|---|---|
| Central Library, Naharkatiya College | Central Library, Naharkatiya College | General Stacks | 19/09/2020 | 940 | TAN | 3469 | 19/09/2020 | 1 | 19/09/2020 | Books |
